000 00827nam a2200253Ia 4500
003 OSt
005 20221005091025.0
006 a|||||r|||| 00| 0
007 ta
008 221004b |||||||| |||| 00| 0 eng d
020 _a9780195477184
_c595
024 _a102267
037 _b09-1168, 09/03/2010, Atlantic Publisher & Dist. Pvt Ltd.
_cTextual
040 _aCRL
_cCRL
_beng
041 _2eng
_aeng
082 _aV44Q7.P1, P9
100 _aAziz Sartaj
_9285099
245 0 _aBetween dreams and realities
_b Some milestones in Pakistan's history
260 _aNew York
_bOxford University Press U.S.A
_c2009
300 _axviii,408p.
_ccm.
650 _aHISTORY
942 _hV44Q7.P1, P9
_cTEXL
_2cc
999 _c996718
_d996718